LEADER 01081cam0-2200373---450- 001 990004018030403321 005 20140703140809.0 010 $a88-359-2805-2 035 $a000401803 035 $aFED01000401803 035 $a(Aleph)000401803FED01 035 $a000401803 100 $a19990604d1985----km-y0itay50------ba 101 0 $aita 102 $aIT 105 $aa-------001yy 200 1 $a<>civiltà della carta$fFederico Sposato 210 $aRoma$cEditori Riuniti$dc1985 215 $a140 p.$cill.$d20 cm 225 1 $aLibri di base$v79 300 $aCompl. del tit. in cop. : Dal legno al foglio stampato. Consumi e costi nell'epoca attuale 610 0 $aEditoria$aStoria 610 0 $aArte tipografica 676 $a070.509$v19$zit 700 1$aSposato,$bFederico$0152372 801 0$aIT$bUNINA$gRICA$2UNIMARC 901 $aBK 912 $a990004018030403321 952 $aUB-F 037$bIst. s.i.$fILFGE 952 $a070.509 SPO 1$b347 bibl.$fFLFBC 959 $aILFGE 959 $aFLFBC 996 $aCiviltà della carta$9472738 997 $aUNINA LEADER 04215nam 2200661 a 450 001 9910779212203321 005 20161219111315.0 010 $a0-7619-0433-6 010 $a1-322-41297-9 010 $a1-4522-2145-6 035 $a(CKB)2550000000105808 035 $a(EBL)996382 035 $a(OCoLC)809771827 035 $a(SSID)ssj0000675392 035 $a(PQKBManifestationID)12275712 035 $a(PQKBTitleCode)TC0000675392 035 $a(PQKBWorkID)10669421 035 $a(PQKB)10008532 035 $a(MiAaPQ)EBC996382 035 $a(OCoLC)960121247 035 $a(StDuBDS)EDZ0000085544 035 $a(EXLCZ)992550000000105808 100 $a20120521d1998 fy 0 101 0 $aeng 135 $aur||||||||||| 181 $ctxt 182 $cc 183 $acr 200 10$aAfrican American children$b[electronic resource] $esocialization and development in families /$fShirley A. Hill 210 $aThousand Oaks, Calif. ;$aLondon $cSAGE$d1999 215 $a1 online resource (xxiii, 192 p.) 225 1 $aUnderstanding families ;$vv. 14 300 $aDescription based upon print version of record. 311 $a1-4522-2066-2 311 $a0-7619-0434-4 320 $aIncludes bibliographical references (p. 173-184) and index. 327 $aContents; Preface: Children: Our Raison d'e?tre; Acknowledgments; Chapter 1 - Childhood in Transition; Childhood in Colonial America; Childhood in Modern America; The Postindustrial Family Transition; Black Children: A Diversity of Experiences; Poverty and Parenthood: Single Mothers, Absent Fathers; Chapter 2 - Caste, Class, and Culture; Caste Analysis; Class Analyses: The Social Deficit Model; Class Analyses: Contemporary Perspectives; Cultural Analyses; Culture as Pathology; Culture as Strength; Child Socialization in Cultural Context 327 $aThe Underclass Controversy: A Reemergence of Culture as PathologyConclusions; Chapter 3 - Parenting Work; The Social Capital Perspective; Current Value Priorities; Education: Obstacles and Opportunities; Future Hopes of Parents; The Parenting Role; Discipline Strategies; Spanking and Child Abuse; Sexual Socialization; Reasons for Teen Sexuality; Sex Education and Birth Control; Intergenerational Changes; Conclusions; Chapter 4 - Racial Socialization; Parental Perceptions of Racial Barriers; Education and Racial Integration; Self-Esteem; Challenging Definitions of Blackness 327 $aRacial Socialization MessagesRedefining Physical Attractiveness; Self-Esteem Revisited; Conclusions; Conclusions; Chapter 5 - Gender Socialization; Theorizing About Gender; The Social Construction of Gender Among Blacks; Current Priorities and Future Hopes; Parenting Roles and Discipline; The Role of Gender in Child Rearing; The Organization of Gender in the Family; The Gender Dilemma of African Americans; Chapter 6 - Beyond the Nuclear Family; The Community; Extended Families; Do Children Benefit From Extended Family Participation?; The Demise of the Grandmother's Role; Religious Resources 327 $aPublic PolicyConclusions; Chapter 7 - Continuity and Change; Black Parenthood in Historical Perspective; Black Parenthood in Contemporary Perspective; Future Directions; Appendix A: Research Methodology; Appendix B: Interview Guide; Appendix C: Parenting Survey; References; Index; About the Author 330 8 $aA comprehensive exploration of historical and contemporary patterns of parenting in black families, this book focuses on how slavery, race, and black culture influenced the ways in which blacks parented their children. 410 0$aUnderstanding families ;$vv. 14. 606 $aAfrican American children 606 $aAfrican American families 606 $aSocialization$zUnited States 606 $aParenting$zUnited States 615 0$aAfrican American children. 615 0$aAfrican American families. 615 0$aSocialization 615 0$aParenting 676 $a306.8508996073 700 $aHill$b Shirley A$g(Shirley Ann),$f1947-$01035713 801 0$bStDuBDS 801 1$bStDuBDS 906 $aBOOK 912 $a9910779212203321 996 $aAfrican American children$93756075 997 $aUNINA